Sports Quiz

Random Sports or NBA Quiz

NBA Double-Double Averages (2000-2010) Quiz Stats

 Plays Quiz Updated Apr 18, 2016

Challenge
Share
Tweet
Embed
Score 0/45 Timer 07:00
1 Play Today
Team(s) Player % Correct
SpursTim Duncan
99.1%
TimberwolvesKevin Garnett
96.7%
Lakers & HeatShaquille O'Neal
96.2%
PacersJermaine O'Neal
95%
MagicDwight Howard
92.6%
SunsSteve Nash
77.8%
LakersPau Gasol
74.5%
Bulls & ClippersElton Brand
72.2%
RaptorsChris Bosh
70.4%
RocketsYao Ming
68.3%
HornetsChris Paul
68.3%
Cavaliers & JazzCarlos Boozer
67.5%
KingsChris Webber
63.8%
Suns, Nets & MavericksJason Kidd
63.7%
JazzDeron Williams
61.8%
Trail Blazers, Knicks, Clippers & GrizzliesZach Randolph
60.5%
BobcatsGerald Wallace
58.1%
KnicksDavid Lee
54.1%
LakersLamar Odom
53.3%
TimberwolvesKevin Love
52.1%
Suns & HeatShawn Marion
51.3%
Celtics & TimberwolvesAl Jefferson
51%
RaptorsAntonio Davis
51%
Team(s) Player % Correct
BobcatsEmeka Okafor
49.5%
Knicks, Nuggets & ClippersMarcus Camby
46.2%
HornetsTyson Chandler
42.2%
CavaliersAndre Miller
41.6%
KingsBrad Miller
41.6%
WizardsAntawn Jamison
40.3%
BucksAndrew Bogut
40%
BullsJoakim Noah
39%
Hawks & 76ersDikembe Mutombo
35.1%
ClippersChris Kaman
29.6%
Warriors & PacersTroy Murphy
27.3%
76ersSamuel Dalembert
25.3%
WarriorsAndris Biedrins
19.4%
KnicksKurt Thomas
16.6%
76ersKenny Thomas
16.5%
GrizzliesShareef Abdur-Rahim
14.5%
WarriorsErick Dampier
13.8%
NuggetsAntonio McDyess
13.6%
HeatBrian Grant
12.4%
HornetsJamaal Magloire
10.5%
WarriorsDanny Fortson
4.9%
WarriorsDonyell Marshall
2.7%

You're not logged in!

Compare scores with friends on all Sporcle quizzes.
Join for Free
OR
Log In

You Might Also Like...

Show Comments

Extras

Top Quizzes Today


Score Distribution

Your Account Isn't Verified!

In order to create a playlist on Sporcle, you need to verify the email address you used during registration. Go to your Sporcle Settings to finish the process.

Report this User

Report this user for behavior that violates our Community Guidelines.

Details: